| 000 | 00616nam a2200205Ia 4500 | ||
|---|---|---|---|
| 003 | GCL | ||
| 008 | 140319s9999 xx 000 0 ara d | ||
| 040 |
_aGCL / _cGCL |
||
| 082 | 0 | 4 |
_a962.03 _bم ا |
| 100 | 1 | _aمحمد عودة | |
| 245 | 1 | 0 |
_aاحمد عرابى: قصة ثورة / _cمحمد عودة |
| 260 |
_a[S.N] : _bالمكتبة الاكاديمية ، _c1986 |
||
| 300 | _a159 ص | ||
| 490 | _a | ||
| 650 | 0 | 4 | _aمصر |
| 650 | 0 | 4 | _aتاريخ |
| 650 | 0 | 4 | _aالتاريخ الحديث |
| 650 | 0 | 4 | _aمصر - تاريخ - العصر الحديث - الثورة العرابية |
| 942 |
_2ddc _cBK |
||
| 999 |
_c53292 _d53292 |
||